Destrás de él estaba su nariz /

Guardado en:
Autor Principal: Schritter, Istvan
Formato: Libro
Publicado: Buenos Aires : Del Eclipse, 2013
Series:Libros-álbum del eclipse
Materias:
Etiquetas: Agregar Etiqueta
Sin Etiquetas, Sea el primero en etiquetar este registro!
LEADER 01048nam a22002895a 4500
001 CEM.cems015360
005 20191126152458.0
008 130507s2013##################000#0#####d
003 CEMS
020 |a 9789871580231 
082 0 4 |a A868.4 
100 1 |a Schritter, Istvan 
245 1 0 |a Destrás de él estaba su nariz /  |c Istvan Schritter 
260 |a Buenos Aires :  |b Del Eclipse,  |c 2013 
300 |a 14 p. 
490 0 |a Libros-álbum del eclipse 
500 |a Istvansch seudónimo de Istvan Schritter 
653 |a Literatura 
653 |a Literatura argentina 
653 |a Literatura infantil 
653 |a Cuentos infantiles 
653 |a Colección ciencias de la educación 
653 |a Libro Álbum 
859 |a CEMS  |b BIB. CEMS - Ccias. Educacion  |h A868.4  |i Sch74-3  |k CE  |p 28655.19  |t Ej.2 
859 |a CEMS  |b BIB. CEMS - Ccias. Educacion  |h A868.4  |i Sch74-3  |k CE  |p 28656.19  |t Ej.1 
859 |a CEMS  |b BIB. CEMS - Ccias. Educacion  |h A868.4  |i Sch74-3  |k CE  |p 28657.19  |t Ej.3 
859 |a CEMS  |b BIB. CEMS - Ccias. Educacion  |h A868.4  |i Sch74-3  |k CE  |p 28658.19  |t Ej.4